Νέες εξελίξεις στις σύγχρονες θεωρίες μάθησης στη διδασκαλία και στη μάθηση διαφορετικών γνωστικών αντικειμένων
Saved in:
| Main Author: | |
|---|---|
| Format: | Book |
| Language: | Greek |
| Published: |
Αθήνα :
Ηρόδοτος,
2018.
|
| Series: | (Επιστήμες αγωγής)
|
| Subjects: | |
| Tags: |
Add Tag
No Tags, Be the first to tag this record!
|
MARC
| LEADER | 00000nam a2200000 a 4500 | ||
|---|---|---|---|
| 001 | 1/115797 | ||
| 008 | 180202s2018####gr | ||| |||| ||gre|| | ||
| 020 | |a 9789604851966 | ||
| 040 | |a GR-MyUa |b gre |c GR-MyUa |e AACR2 | ||
| 041 | 0 | |a gre | |
| 082 | 7 | |a 370.1 |2 (23) | |
| 100 | 1 | |a Σμυρναίου, Ζαχαρούλα Γ. | |
| 245 | 1 | 0 | |a Νέες εξελίξεις στις σύγχρονες θεωρίες μάθησης στη διδασκαλία και στη μάθηση διαφορετικών γνωστικών αντικειμένων / |c Ζαχαρούλα Γ. Σμυρναίου. |
| 260 | |a Αθήνα : |b Ηρόδοτος, |c 2018. | ||
| 300 | |a 917 σ. : |b ασπρόμ. εικ., πίν., σχήμ. ; |c 24 εκ. | ||
| 490 | 1 | |a (Επιστήμες αγωγής) | |
| 504 | |a Περιλαμβάνει βιβλιογραφίες. | ||
| 650 | 0 | |a Teaching |x Methods. | |
| 650 | 0 | |a Education, Greek |z Greece. | |
| 650 | 0 | |a Education |x Technology. | |
| 650 | 0 | |a Educational psychology |x Study and teaching. | |
| 650 | 0 | |a Knowledge, Theory of |x Methodology. | |
| 852 | |a INST |b RHODES |c EUDOXUS |e 20180202 |h 370.1 ΣΜΥ |p 005400039855 |q 005400039855 |t EDX |y 0 | ||
| 920 | |a Εύδοξος |b Παραγγελία |y Ρόδος-ΠΤΔΕ |z 2018-01 | ||
| 970 | |z 02-02-2018 | ||